000 00711nam a2200217Ia 4500
005 20241129110926.0
008 241129s9999||||xx |||||||||||||| ||und||
020 _a81-7453-261-7
037 _aTB
040 _aCRL
_bhin
_cCRL
041 _ahin
_2hin
084 _aO152,1x P6
_qCRL
100 _aसेठी, रेखा, संपा.
245 0 _aसाहित्य के संग साहित्य
_cसेठी, रेखा, संपा.
260 _aदिल्ली, भारत
_bसंजय प्रकाशन
_c2006
300 _a152पृ0
365 _aINR
_b250
650 _aHindi literaturePoetry
942 _cTB
_hO152,1x P6
999 _c1228131
_d1228131